000 00422nam a22001697a 4500
005 20180719145832.0
008 160621b xxu||||| |||| 00| 0 eng d
020 _a81-7544-049-x
041 _aeng
082 _b8706
_a6580152
100 _aMachiraju. H.R
_9354
245 _aInternational Financial Markets and India
260 _bWheelar Publicing
_c1997
300 _a261p,
650 _aManagement
_9241
942 _cBK
999 _c3366
_d3365